[Event "26th Chicago Open 2017"]
[Site "Chicago USA"]
[Date "2017.05.28"]
[Round "7.24"]
[White "Williams,Justus D"]
[Black "Peng,David T"]
[Result "0-1"]
[WhiteElo "2383"]
[BlackElo "2254"]
[EventType "swiss"]

1.d4 Nf6 2.Bf4 g6 3.e3 Bg7 4.Nf3 O-O 5.Nbd2 d6 6.h3 c5 7.c3 Nc6 8.Be2 Re8
9.Bh2 cxd4 10.cxd4 e5 11.dxe5 dxe5 12.Bb5 e4 13.Nd4 Bd7 14.Nxc6 bxc6 15.Bc4
Nd5 16.Rb1 Qg5 17.g4 h5 18.Bxd5 cxd5 19.Bf4 Qe7 20.gxh5 g5 21.Bg3 f5 22.h6
Bxh6 23.Qh5 Bg7 24.O-O d4 25.Nc4 dxe3 26.fxe3 f4 27.Bf2 Rac8 28.b3 f3 29.Rfd1
Rc6 30.h4 Rc5 31.Nd6 Rf8 32.Bg3 Rc2 33.Bf2 gxh4 34.Nxe4 Qxe4 35.Rxd7 Rxf2
36.Rxg7+ Kxg7 37.Qg5+ Kh7 38.Qh5+ Kg7 39.Qg5+ Kf7 40.Qh5+ Ke6 41.Rd1 Rg8+
42.Kh1 Rh2+ 43.Kxh2 Qc2+ 44.Kh3 Qg2+ {#R} 0-1

[Event "Ayr Congress Open 2017"]
[Site "Ayr SCO"]
[Date "2017.05.28"]
[Round "5.2"]
[White "Brown,Ste"]
[Black "Smith,Peter R"]
[Result "0-1"]
[WhiteElo "2030"]
[BlackElo "2029"]

1.d4 Nf6 2.g3 c5 3.d5 g6 4.Bg2 d6 5.Nf3 Bg7 6.O-O O-O 7.Re1 Na6 8.c4 b5 9.cxb5
Nc7 10.Nc3 Rb8 11.e4 Nxb5 12.Nxb5 Rxb5 13.Qc2 Qb6 14.Nd2 Ng4 15.Nc4 Qb8 16.Rb1
Ne5 17.Nxe5 Bxe5 18.Bh6 Re8 19.b3 a5 20.Bf1 Rb6 21.Bd2 Qa7 22.Bc3 Bxc3 23.Qxc3
Bd7 24.Bc4 a4 25.Kg2 Bb5 26.Bxb5 Rxb5 27.bxa4 Rxb1 28.Rxb1 Qxa4 29.Qe3 Qxa2
30.Rc1 Rb8 31.h4 h5 32.g4 Rb3 33.Qg5 Qe2 34.gxh5 Qxh5 35.Qxe7 Qg4+ 36.Kf1 Rh3
{#R} 0-1

[Event "TCh-FRA Top 12 2017"]
[Site "Chartres FRA"]
[Date "2017.05.23"]
[Round "6.3"]
[White "Godart,F"]
[Black "Rodshtein,M"]
[Result "0-1"]
[WhiteElo "2404"]
[BlackElo "2698"]

1.d4 Nf6 2.Nf3 e6 3.Nbd2 d5 4.e3 b6 5.Bb5+ c6 6.Bd3 c5 7.b3 Bb7 8.Bb2 Bd6
9.O-O O-O 10.Ne5 Nc6 11.a3 Ne7 12.Qe2 Rc8 13.dxc5 bxc5 14.f4 Qc7 15.Rad1 Ng6
16.Ndf3 Bxe5 17.Nxe5 Rfd8 18.c4 dxc4 19.Nxc4 Ne4 20.Qc2 f5 21.Nd2 Nxd2 22.Rxd2
Ne7 23.Bc4 Nd5 24.Be5 Qf7 25.e4 Ne3 26.Rxd8+ Rxd8 27.Qc3 Nxf1 28.exf5 Qxf5
29.Bxf1 Rd1 30.Qc4 Qg6 31.Kf2 h5 32.b4 cxb4 33.axb4 Bxg2 34.Be2 Rd2 35.Ke3 Rc2
36.Qd4 Bd5 {#R} 0-1

[Event "chess.com Speed 1m+1spm 2017"]
[Site "chess.com INT"]
[Date "2017.05.25"]
[Round "1.23"]
[White "So,W"]
[Black "Giri,A"]
[Result "0-1"]
[WhiteElo "2815"]
[BlackElo "2785"]

1.d4 Nf6 2.Nf3 e6 3.Bg5 h6 4.Bh4 Be7 5.Nbd2 d5 6.e3 c5 7.c3 Nc6 8.Bd3 b6 9.Bb5
Bd7 10.O-O O-O 11.Qe2 Ne4 12.Bxe7 Nxe7 13.Nxe4 dxe4 14.Nd2 Bxb5 15.Qxb5 f5
16.Nb3 Ng6 17.Qc4 Qg5 18.Qxe6+ Kh7 19.Nd2 Nh4 20.g3 Qg4 21.Qd6 Qh3 22.gxh4 Rf6
23.Qg3 Rg6 24.Kh1 Rxg3 25.fxg3 g5 26.hxg5 hxg5 27.dxc5 bxc5 28.Rad1 Re8 29.Nc4
Re7 30.Rf2 Qg4 31.Rd5 f4 32.gxf4 gxf4 33.Rxf4 Qe2 34.Rh4+ Kg6 35.Ne5+ Rxe5
36.Rd6+ Kg5 {#R} 0-1

[Event "14th Orlova Open 2017"]
[Site "Orlova CZE"]
[Date "2017.05.27"]
[Round "8.5"]
[White "Chudinovskikh,A"]
[Black "Zimniok,L"]
[Result "1-0"]
[WhiteElo "2231"]
[BlackElo "2060"]

1.d4 Nf6 2.Nf3 d6 3.Nc3 Bf5 4.Nh4 Bd7 5.e4 e5 6.Nf3 exd4 7.Nxd4 Nc6 8.Be2 g6
9.O-O Bg7 10.Nb3 O-O 11.f4 a5 12.a4 Nb4 13.Bf3 c6 14.Be3 Re8 15.Bf2 Qc7 16.h3
Rad8 17.Bh4 Be6 18.Nd4 Bc4 19.Re1 Qb6 20.Bf2 Qc7 21.Qc1 Nd7 22.Qd2 f5 23.exf5
d5 24.Ne6 Rxe6 25.fxe6 Nf6 26.Rad1 Re8 27.b3 Ba6 28.g4 b6 29.g5 Nh5 30.Bxh5
gxh5 31.f5 Be5 32.Kh1 c5 33.Nb5 Qb8 34.Qe2 Bc3 35.f6 Bxe1 36.f7+ Kf8
37.fxe8=Q+ Qxe8 38.Rxe1 Kg8 39.e7 {#r} 1-0

[Event "Deltalift Open 2017"]
[Site "Tylosand SWE"]
[Date "2017.05.25"]
[Round "4.16"]
[White "Stray,G"]
[Black "Gajic,Ml"]
[Result "0-1"]
[WhiteElo "2047"]
[BlackElo "2296"]

1.d4 Nf6 2.Nf3 c5 3.e3 g6 4.dxc5 Qa5+ 5.Bd2 Qxc5 6.Bc3 Bg7 7.Nbd2 O-O 8.Nb3
Qc7 9.Be2 Nc6 10.O-O e5 11.Bb5 d6 12.Nbd2 a6 13.Bxc6 Qxc6 14.Qe2 Nd5 15.Qc4
Nxc3 16.bxc3 Be6 17.Qxc6 bxc6 18.Ng5 Bc8 19.Rab1 h6 20.Nge4 Rd8 21.Nc4 Bf8
22.Nb6 Ra7 23.Nxc8 Rxc8 24.c4 f5 25.Nc3 Kf7 26.Rb6 Ke6 27.Rfb1 Be7 28.Kf1 Bd8
29.Rb7 Rc7 30.Rb8 Bf6 31.Na4 d5 32.Nc5+ Kd6 33.Nb7+ Ke7 34.Na5 e4 35.R8b7
Raxb7 36.Rxb7 Rxb7 37.Nxb7 dxc4 38.Na5 c3 39.Nxc6+ Kd6 40.Na5 Kc5 41.Ke2 Kb5
42.Nb3 a5 43.Kd1 a4 44.Nc1 Kb4 45.Ne2 Ka3 46.Kc1 Kxa2 47.Nf4 Be7 48.Nd5 Ba3+
49.Kd1 Bb2 50.f3 Kb1 {#R} 0-1

[Event "26th Chicago Open 2017"]
[Site "Chicago USA"]
[Date "2017.05.26"]
[Round "2.41"]
[White "Proleiko,Julian"]
[Black "Bian,Alex"]
[Result "1-0"]
[WhiteElo "2119"]
[BlackElo "2266"]
[EventType "swiss"]

1.e3 Nf6 2.Nf3 e6 3.d4 c5 4.Bd3 b6 5.O-O Bb7 6.b3 Be7 7.Bb2 O-O 8.Nbd2 cxd4
9.exd4 d6 10.c4 Nbd7 11.Re1 Re8 12.b4 a5 13.a3 Bf8 14.Rb1 Qc7 15.Qb3 g6 16.Bc3
axb4 17.axb4 Bh6 18.Qb2 Nh5 19.Bf1 e5 20.dxe5 dxe5 21.Ra1 Rad8 22.Ne4 Bg7
23.Ra7 Rb8 24.Rd1 Bf8 25.Qd2 Rbd8 26.Nd6 Bxd6 27.Qxd6 Qc8 28.Rxb7 Qxb7 29.Nxe5
Re6 30.Qd2 Nhf6 31.c5 Ne4 32.Qf4 Rf6 33.c6 Rxf4 34.cxb7 Nxc3 35.Rxd7 Re8
36.Nc6 Rc4 37.Ne7+ Rxe7 38.b8=Q+ Kg7 39.Rxe7 {#r} 1-0

[Event "26th Chicago Open 2017"]
[Site "Chicago USA"]
[Date "2017.05.26"]
[Round "3.20"]
[White "Betaneli,A"]
[Black "Song,Michael"]
[Result "0-1"]
[WhiteElo "2218"]
[BlackElo "2423"]
[EventType "swiss"]

1.d4 Nf6 2.Nf3 c5 3.e3 d5 4.Be2 Nc6 5.O-O e6 6.Nbd2 Bd6 7.dxc5 Bxc5 8.c4 O-O
9.cxd5 exd5 10.Nb3 Bd6 11.Bd2 Ne4 12.Bc3 Re8 13.Nbd4 Nxc3 14.bxc3 Na5 15.g3
Bh3 16.Re1 Rc8 17.Bb5 Rf8 18.Bd3 g6 19.Qd2 Nc4 20.Bxc4 Rxc4 21.e4 dxe4 22.Rxe4
Qf6 23.Qh6 Bd7 24.Ng5 Qh8 25.Rd1 Ba4 26.Rde1 b5 27.Ndf3 Qg7 28.Qxg7+ Kxg7
29.Rxc4 bxc4 30.Ne4 Ba3 31.Nfd2 Rc8 32.Rb1 Rc7 33.Rb8 Be7 34.g4 h6 35.f4 Bc2
36.g5 Rd7 37.h4 f6 38.gxf6+ Bxf6 39.Nxf6 Rxd2 40.Ng4 Be4 41.Nf2 Bf3 42.Rb4 Bd5
43.Ra4 Kf6 44.Ng4+ Kf5 45.Ne3+ Kxf4 46.Nxd5+ Rxd5 47.Rxc4+ Kg3 48.Kf1 Rf5+
49.Ke1 g5 50.hxg5 hxg5 51.Rc7 Ra5 52.c4 Rxa2 53.Kd1 g4 54.c5 Kg2 55.Rd7 Ra1+
56.Kc2 Ra5 57.Rd5 g3 58.Kb3 Kf3 59.Kb4 Ra1 60.c6 Rc1 61.Rd3+ Kf4 62.Rd4+ Ke3
63.Rg4 Kf3 64.Rg6 g2 65.Kb5 g1=Q {#R} 0-1

[Event "4th Gligoric Cup 2017"]
[Site "Novi Banovci SRB"]
[Date "2017.05.27"]
[Round "4.3"]
[White "Abramovic,B"]
[Black "Pavkov,Nebojsa"]
[Result "1-0"]
[WhiteElo "2406"]
[BlackElo "2230"]

1.d4 Nf6 2.Nf3 e6 3.g3 Be7 4.c4 d5 5.Bg2 O-O 6.O-O b6 7.Nc3 Bb7 8.Ne5 h6 9.Bf4
Na6 10.Qa4 Qe8 11.Qxe8 Rfxe8 12.Rac1 c5 13.Rfd1 Red8 14.dxc5 bxc5 15.cxd5 exd5
16.Nc4 Ne4 17.Na5 Nxc3 18.bxc3 Rab8 19.Bxb8 Rxb8 20.Nxb7 Rxb7 21.Bxd5 Rb2
22.Bc4 Nb8 23.Rb1 Rxb1 24.Rxb1 Nc6 25.Rb7 Bd6 26.Bxf7+ Kh7 27.Bd5 {#r} 1-0

[Event "chess.com Speed 3m+2spm 2017"]
[Site "chess.com INT"]
[Date "2017.05.25"]
[Round "1.13"]
[White "So,W"]
[Black "Giri,A"]
[Result "1-0"]
[WhiteElo "2815"]
[BlackElo "2785"]

1.d4 Nf6 2.Nf3 g6 3.Bg5 Bg7 4.Nbd2 h6 5.Bh4 c5 6.Bxf6 Bxf6 7.Ne4 Qb6 8.Nxf6+
Qxf6 9.c3 d6 10.Qd2 g5 11.e3 g4 12.Ng1 cxd4 13.cxd4 e5 14.Bb5+ Bd7 15.Bxd7+
Nxd7 16.Ne2 Rd8 17.Rc1 h5 18.h4 gxh3 19.Rxh3 Qe6 20.Qb4 Qxa2 21.Ng3 Qe6
22.Nxh5 Qg6 23.Nf4 Qg7 24.Nd5 Nb6 25.Qb5+ Kf8 26.Rxh8+ Qxh8 27.Nxb6 axb6
28.Qxb6 Qh1+ 29.Kd2 Qh4 30.g3 Qf6 31.f4 exd4 32.Qxd4 Qxd4+ 33.exd4 Rd7 34.Kd3
f5 35.Rh1 Rg7 36.Rh5 Rxg3+ 37.Kc4 Ke7 38.b4 Rf3 39.Rxf5 Ke6 40.Rf8 Ke7 41.Rb8
Rxf4 42.Rxb7+ Ke6 43.b5 Rf1 44.d5+ Kf6 45.b6 Rb1 46.Rb8 Kg7 47.b7 Rb2 48.Kd4
Rb1 49.Ke4 Rb5 50.Kf4 Kh7 51.Rd8 Rxb7 52.Kf5 Re7 53.Kf6 Re1 54.Rxd6 Rf1+
55.Ke7 Rd1 56.Rd8 Kg7 57.d6 Re1+ 58.Kd7 Kf7 59.Ra8 Rd1 60.Ra2 Kf6 61.Rf2+ Ke5
62.Ke7 {#r} 1-0

[Event "chess.com Speed 1m+1spm 2017"]
[Site "chess.com INT"]
[Date "2017.05.25"]
[Round "1.21"]
[White "So,W"]
[Black "Giri,A"]
[Result "1-0"]
[WhiteElo "2815"]
[BlackElo "2785"]

1.Nf3 Nf6 2.d4 g6 3.Bg5 Bg7 4.Nbd2 h6 5.Bh4 d5 6.e3 Bf5 7.Bd3 Bxd3 8.cxd3 O-O
9.O-O c6 10.Rc1 Qb6 11.Qb3 Nbd7 12.Ne5 Rfe8 13.Bg3 Rad8 14.a3 Nh5 15.Nxd7 Rxd7
16.Qc3 g5 17.b4 f6 18.Nb3 e5 19.Qc2 f5 20.Bxe5 Bxe5 21.dxe5 Rxe5 22.b5 Qxb5
23.Rb1 Qa4 24.Qc3 Rde7 25.Nc5 Qh4 26.Rxb7 Rxb7 27.Qxe5 Rf7 28.Qe8+ Kg7 29.Ne6+
Kf6 30.Qxc6 {#r} 1-0

[Event "chess.com Speed 1m+1spm 2017"]
[Site "chess.com INT"]
[Date "2017.05.25"]
[Round "1.27"]
[White "So,W"]
[Black "Giri,A"]
[Result "0-1"]
[WhiteElo "2815"]
[BlackElo "2785"]

1.d4 Nf6 2.Nf3 g6 3.Bg5 Bg7 4.Nbd2 h6 5.Bh4 d6 6.e4 O-O 7.Bd3 Nbd7 8.O-O e5
9.c3 Qe8 10.Re1 Nh5 11.Nc4 Bf6 12.Ne3 Bxh4 13.Nxh4 Nf4 14.Bf1 Nf6 15.Qc2 Qe7
16.Nf3 Ng4 17.Nxg4 Bxg4 18.Nd2 Rae8 19.Re3 h5 20.Rae1 h4 21.g3 Qg5 22.Kh1 Nh5
23.Be2 hxg3 24.hxg3 Kg7 25.Kg1 Rh8 26.Bxg4 Qxg4 27.Qd1 Qh3 28.g4 Ng3 {#R} 0-1

[Event "chess.com Speed 1m+1spm 2017"]
[Site "chess.com INT"]
[Date "2017.05.25"]
[Round "1.29"]
[White "So,W"]
[Black "Giri,A"]
[Result "1-0"]
[WhiteElo "2815"]
[BlackElo "2785"]

1.d4 Nf6 2.Nf3 g6 3.Nbd2 d6 4.e4 Bg7 5.Bd3 O-O 6.O-O Nc6 7.Re1 e5 8.c3 Nh5
9.Nc4 Bg4 10.dxe5 Nxe5 11.Ncxe5 dxe5 12.h3 Bd7 13.Bc4 Qe7 14.Bg5 Bf6 15.Be3 b6
16.a4 a5 17.Kh2 Rad8 18.Qe2 Bg7 19.g3 Kh8 20.Kg2 Bc6 21.Bg5 f6 22.Bd2 f5
23.Ng5 h6 24.Ne6 Bxe4+ 25.Kh2 Ba8 26.Nxf8 Rxf8 27.Rad1 f4 28.g4 f3 29.Qe3 e4
30.gxh5 Be5+ 31.Kh1 Bf4 32.Qd4+ Be5 33.Qe3 Bf4 34.Qd4+ Be5 35.Rxe4 Bxe4
36.Qxe4 Rd8 37.Qxg6 Rd6 38.Qg8# 1-0

[Event "26th Chicago Open 2017"]
[Site "Chicago USA"]
[Date "2017.05.25"]
[Round "1.17"]
[White "Betaneli,A"]
[Black "Liang,Awonder"]
[Result "0-1"]
[WhiteElo "2218"]
[BlackElo "2488"]
[EventType "swiss"]

1.d4 Nf6 2.Nf3 g6 3.Bg5 Bg7 4.Nbd2 O-O 5.c3 d6 6.e4 Nc6 7.Be2 e5 8.dxe5 dxe5
9.O-O h6 10.Bxf6 Qxf6 11.Qc2 Qe7 12.Nc4 Nd8 13.Rfe1 c6 14.a4 Qc7 15.Qd2 Be6
16.Qd6 Qxd6 17.Nxd6 Rb8 18.Nc4 f6 19.Red1 Kh7 20.b4 Bg8 21.Rd7 Ne6 22.Na5 Rf7
23.Rxf7 Bxf7 24.Rd1 Nf4 25.Bf1 Be6 26.Rd2 f5 27.Bc4 fxe4 28.Bxe6 exf3 29.Bc4
e4 30.Rd7 Ne2+ 31.Kf1 Nxc3 32.Nxb7 Nxa4 33.gxf3 Nb6 {#R} 0-1

[Event "Mateu Chalmeta Mem 2017"]
[Site "Sant Boi ESP"]
[Date "2017.05.26"]
[Round "6.1"]
[White "Ryan,Jo"]
[Black "Quirhuayo Chumbe,German Gonzalo"]
[Result "0-1"]
[WhiteElo "2258"]
[BlackElo "2291"]

1.d4 Nf6 2.Nf3 g6 3.Bf4 Bg7 4.e3 O-O 5.Be2 d6 6.h3 c5 7.c3 b6 8.O-O Bb7 9.Nbd2
Nbd7 10.a4 a6 11.Bd3 Re8 12.Bh2 Rc8 13.Qe2 Nb8 14.e4 cxd4 15.cxd4 Nfd7 16.Rac1
Nc6 17.Qe3 e5 18.d5 Nb4 19.Bb1 Nc5 20.b3 f5 21.exf5 e4 22.fxg6 exf3 23.gxh7+
Kh8 24.Qxf3 Bxd5 25.Qg4 Nbd3 26.Rcd1 Qf6 27.Qg3 Nb2 28.Rde1 Qd4 29.Nf3 Bxf3
30.Qxf3 Rxe1 31.Rxe1 Rf8 32.Qe3 Nxb3 33.Bg3 Qxe3 34.Rxe3 Nd2 35.Bxd6 Rd8
36.Bc7 Rc8 37.Bf5 Rf8 38.g4 Nbc4 39.Rd3 b5 40.axb5 axb5 41.Bf4 Ne4 42.Rd5 Nc3
43.Rc5 Ne2+ 44.Kg2 Nxf4+ 45.Kf3 Nxh3 46.Rxb5 Nd6 47.Rd5 Nxf5 48.Rxf5 Rxf5+
49.gxf5 Kxh7 50.f6 Bxf6 51.Kg4 Nxf2+ 52.Kf5 Bd4 53.Ke6 Kg6 54.Kd5 Bf6 55.Ke6
Nd3 56.Kd5 Kf5 57.Kd6 Ke4 58.Kc6 Be5 59.Kb5 Kd5 60.Kb6 Nc5 61.Ka7 Kc6 62.Ka8
Bc7 63.Ka7 Bb6+ 64.Ka8 Ne6 65.Kb8 Nc7 66.Kc8 Ba7 67.Kd8 Nd5 68.Ke8 Kd6 69.Kf7
Ne7 70.Kf6 Be3 71.Kf7 Bd4 72.Ke8 Ke6 73.Kd8 Be5 74.Ke8 Bc7 75.Kf8 Nf5 76.Kg8
Ke7 77.Kh7 Kf7 78.Kh8 Bd6 79.Kh7 Bf8 80.Kh8 Ne7 81.Kh7 Ng8 {#R} 0-1

[Event "4th Gligoric Cup 2017"]
[Site "Novi Banovci SRB"]
[Date "2017.05.28"]
[Round "5.7"]
[White "Petrusic,V"]
[Black "Markovic,Mis"]
[Result "1-0"]
[WhiteElo "2150"]
[BlackElo "2297"]

1.d4 Nf6 2.Nf3 g6 3.Bg5 Bg7 4.Nbd2 d5 5.e3 Ne4 6.Nxe4 dxe4 7.Nd2 h6 8.Bf4 g5
9.Bg3 Bf5 10.f3 exf3 11.Qxf3 Qc8 12.Bc4 Bg6 13.h4 g4 14.Qf4 h5 15.O-O e6
16.Ne4 Nd7 17.Ng5 O-O 18.Qf2 c5 19.Bd6 cxd4 20.Bxf8 Bxf8 21.Bb3 dxe3 22.Qf4
Qc5 23.Nxf7 e2+ 24.Rf2 Re8 25.Re1 Qf5 26.Nh6+ {#r} 1-0

[Event "10th KIIT Elite Open 2017"]
[Site "Bhubaneswar IND"]
[Date "2017.05.27"]
[Round "2.10"]
[White "Laxman,R"]
[Black "Isha,Sharma"]
[Result "1-0"]
[WhiteElo "2417"]
[BlackElo "2084"]

1.d4 Nf6 2.Nf3 g6 3.g3 Bg7 4.Bg2 O-O 5.O-O d6 6.a4 Nc6 7.a5 a6 8.d5 Nb8 9.c4
c5 10.Nc3 Nbd7 11.Bd2 b6 12.axb6 Nxb6 13.b3 Rb8 14.Qc2 e6 15.dxe6 fxe6 16.Rfd1
Ne8 17.Bf4 Qe7 18.Rac1 Bb7 19.Ne4 Rd8 20.Bg5 Nf6 21.Nfd2 Nbd7 22.Nxf6+ Nxf6
23.Bxb7 Qxb7 24.Bxf6 Bxf6 25.Qe4 Qe7 26.Qc6 a5 27.Ne4 Be5 28.Rd3 Rc8 29.Qb6 a4
30.bxa4 Rb8 31.Qa5 Rb2 32.Qe1 d5 33.Nd2 d4 34.Rb3 Rxb3 35.Nxb3 Rb8 36.Qd1 Rb4
37.a5 Bd6 38.Qd3 Qb7 39.Nd2 Ra4 40.Rb1 Qa8 41.e3 e5 42.exd4 cxd4 43.c5 {#r}
1-0

[Event "4th Gligoric Cup 2017"]
[Site "Novi Banovci SRB"]
[Date "2017.05.25"]
[Round "1.1"]
[White "Petakov,U"]
[Black "Popovic,Du"]
[Result "0-1"]
[WhiteElo "2346"]
[BlackElo "2523"]

1.d4 Nf6 2.Nf3 g6 3.g3 Bg7 4.Bg2 O-O 5.O-O d6 6.b3 c6 7.Bb2 a5 8.Nbd2 a4 9.c4
Qa5 10.Rc1 Qh5 11.Re1 Bg4 12.c5 axb3 13.Qxb3 Nbd7 14.cxd6 exd6 15.Ba3 Be6
16.Qd3 c5 17.e4 b5 18.d5 Bh3 19.e5 Ng4 20.Bxh3 Qxh3 21.Bb2 c4 22.Qb1 Bxe5
23.Nf1 Bxb2 24.Qxb2 Nge5 25.Ng5 Qf5 26.f4 Nd3 27.Qxb5 Nxc1 28.Rxc1 Nc5 29.Qxc4
Ra4 30.Qe2 Qxd5 31.Ne3 Qxa2 32.Rc2 Qb1+ 33.Kg2 Re8 34.Rd2 h6 {#R} 0-1

[Event "4th Gligoric Cup 2017"]
[Site "Novi Banovci SRB"]
[Date "2017.05.26"]
[Round "2.6"]
[White "Kovacevic,Si"]
[Black "Markovic,Mis"]
[Result "0-1"]
[WhiteElo "2221"]
[BlackElo "2297"]

1.d4 Nf6 2.Nf3 g6 3.g3 Bg7 4.Bg2 O-O 5.O-O d5 6.Nbd2 c5 7.dxc5 Nc6 8.c3 e5
9.b4 Qc7 10.a3 a5 11.Bb2 e4 12.Nd4 Ng4 13.N2b3 a4 14.Nxc6 bxc6 15.Nd4 h5 16.c4
e3 17.f4 dxc4 18.Qc1 Bb7 19.Qxc4 Ba6 20.Qc2 Rfd8 21.Nf3 Bxb2 22.Qxb2 Bc4 23.h3
Nh6 24.Qe5 Rac8 25.Qxc7 Rxc7 26.Ne5 Bxe2 27.Nxc6 Rd2 28.Rfe1 Nf5 29.g4 Nh4
30.Bh1 Rxc6 31.Bxc6 Bf3 32.b5 Bxc6 {#R} 0-1

[Event "TCh-FRA Top 12 2017"]
[Site "Chartres FRA"]
[Date "2017.05.24"]
[Round "7.2"]
[White "Vernay,C"]
[Black "Hamitevici,V"]
[Result "1-0"]
[WhiteElo "2501"]
[BlackElo "2487"]

1.d4 Nf6 2.c4 b6 3.f3 e6 4.e4 Bb4+ 5.Nc3 O-O 6.Bd3 c5 7.a3 Ba5 8.e5 Ne8 9.Be4
Nc6 10.Ne2 Bb7 11.Be3 d5 12.cxd5 exd5 13.Bc2 cxd4 14.Bxd4 Nxd4 15.Qxd4 b5
16.Qd3 Qh4+ 17.g3 Qh6 18.b4 Bb6 19.Nxb5 Ba6 20.a4 Nc7 21.Ned4 Rae8 22.f4 f6
23.Nf5 Qh3 24.Nfd6 Re7 25.a5 Bf2+ 26.Kxf2 fxe5 27.Rae1 Re6 28.Qxh7+ Qxh7
29.Bxh7+ Kxh7 30.Nxc7 Rxd6 31.Nxa6 exf4 32.Nc5 fxg3+ 33.Kg2 Rf2+ 34.Kg1 Rb2
35.hxg3+ Kg8 36.Nd3 Rd2 37.Ne5 {#r} 1-0

[Event "Bodensee Open 2017"]
[Site "Bregenz AUT"]
[Date "2017.05.25"]
[Round "6.16"]
[White "Hovenga,A"]
[Black "Sarmir,M"]
[Result "1-0"]
[WhiteElo "2169"]
[BlackElo "2096"]

1.d4 Nf6 2.c4 c6 3.Nc3 d5 4.cxd5 cxd5 5.Bf4 Nc6 6.e3 a6 7.Bd3 e6 8.Rc1 Be7
9.h3 O-O 10.Nf3 Nh5 11.Bh2 g6 12.O-O Bd7 13.a3 Rc8 14.b4 f5 15.Be5 Nf6 16.Qb3
Nxe5 17.Nxe5 Bd6 18.f4 Qe7 19.Rc2 Bxe5 20.dxe5 Ne4 21.Bxe4 fxe4 22.Rd1 b5
23.Ne2 Rxc2 24.Qxc2 Rc8 25.Qd2 a5 26.Nd4 axb4 27.axb4 Rc4 28.Rb1 Qd8 29.Ra1
Qf8 30.Ra7 Qe7 31.Kh2 Qd8 32.Qe1 Rc7 33.Rxc7 Qxc7 34.Qh4 Qc8 35.Qe7 Qe8
36.Qxe8+ Bxe8 37.Nxe6 Kf7 38.Nd4 Ke7 39.g4 Bd7 40.Kg3 Kf7 41.f5 Be8 42.Kf4 h6
43.h4 Kg7 44.e6 h5 45.Kg5 hxg4 46.f6+ Kf8 47.Kxg4 {#r} 1-0

[Event "Deltalift Open 2017"]
[Site "Tylosand SWE"]
[Date "2017.05.25"]
[Round "3.1"]
[White "Turov,M"]
[Black "Nilsson,Anders1"]
[Result "1-0"]
[WhiteElo "2600"]
[BlackElo "2186"]

1.d4 Nf6 2.c4 Nc6 3.Nc3 e5 4.d5 Ne7 5.h4 h5 6.Nf3 Ng6 7.e3 d6 8.Bd3 Ne7 9.Ng5
g6 10.e4 Bg7 11.f3 Nh7 12.Be3 Bf6 13.Qd2 Kf8 14.O-O-O Kg7 15.Kb1 Bd7 16.Rdf1
c6 17.f4 Be8 18.Ne2 c5 19.f5 gxf5 20.exf5 b5 21.Ne4 Ng8 22.cxb5 Rb8 23.N2c3
Qc7 24.Qe2 Kf8 25.Bc4 Bg7 26.Nxd6 Qxd6 27.Ne4 Qd8 28.Bxc5+ Ne7 29.d6 Kg8
30.dxe7 {#r} 1-0

[Event "Groninger Combinatie Open"]
[Site "Groningen NED"]
[Date "2017.05.28"]
[Round "7.3"]
[White "Binnendijk,Ferdinand"]
[Black "Hoeksema,E"]
[Result "0-1"]
[WhiteElo "2045"]
[BlackElo "2343"]

1.d4 Nf6 2.c4 b6 3.Nc3 Bb7 4.Nf3 e6 5.g3 Bb4 6.Bd2 c5 7.a3 Bxc3 8.Bxc3 Ne4
9.Qc2 Qf6 10.Bg2 Nxc3 11.bxc3 Nc6 12.dxc5 bxc5 13.Rb1 Rb8 14.O-O O-O 15.Nd2
Ba8 16.Rb5 d6 17.Rfb1 Rbc8 18.a4 Qd8 19.Qa2 a6 20.R5b2 Qc7 21.Bxc6 Qxc6 22.f3
a5 23.Rb6 Qc7 24.Qc2 Bc6 25.Ra6 Rb8 26.Rb5 Bxb5 27.cxb5 c4 28.Rc6 Qa7+ 29.Kg2
d5 30.f4 Rb6 31.Rxb6 Qxb6 32.Nf3 f6 33.Qd2 Re8 34.Qd4 Qb7 35.Kf2 Kh8 36.h4 e5
37.Qc5 Qe7 38.Qxe7 Rxe7 39.e3 Kg8 40.h5 Kf8 41.fxe5 fxe5 42.Ke2 Ke8 43.Ng5 h6
44.Nf3 Kd7 45.Kd2 Ke6 46.Nh4 Kf6 47.e4 d4 {#R} 0-1

[Event "36th Zalakaros Open 2017"]
[Site "Zalakaros HUN"]
[Date "2017.05.25"]
[Round "8.13"]
[White "Horvath,Jo1"]
[Black "Czebe,A"]
[Result "1-0"]
[WhiteElo "2526"]
[BlackElo "2475"]

1.d4 Nf6 2.c4 d6 3.Nf3 Bf5 4.g3 c6 5.Bg2 Nbd7 6.O-O e5 7.Nc3 Be7 8.Nh4 Bg6
9.d5 cxd5 10.Nxg6 hxg6 11.Nxd5 Nxd5 12.Qxd5 Nc5 13.Be3 Rc8 14.b4 Na4 15.Qb5+
Qd7 16.Bxb7 Rc7 17.Bd5 Nc3 18.Qxd7+ Kxd7 19.Bxf7 d5 20.cxd5 Nxe2+ 21.Kg2 Bxb4
22.Rab1 Bc3 23.Bxg6 Kd6 24.Bd3 Nd4 25.Be4 Ba5 26.Rfc1 Rhc8 27.Rxc7 Rxc7 28.Rb8
Bb6 29.Rd8+ Ke7 30.Bg5+ Kf7 31.h4 g6 32.Rd6 {#r} 1-0

[Event "26th Chicago Open 2017"]
[Site "Chicago USA"]
[Date "2017.05.26"]
[Round "3.7"]
[White "Hernandez Carmenates,Hold"]
[Black "Abdumalik,Z"]
[Result "1-0"]
[WhiteElo "2510"]
[BlackElo "2420"]
[EventType "swiss"]

1.d4 Nf6 2.c4 d6 3.Nf3 g6 4.Nc3 Bf5 5.g3 Ne4 6.Bd2 Bg7 7.Bg2 Nc6 8.Nh4 Nxd2
9.Nxf5 gxf5 10.Qxd2 O-O 11.O-O Bxd4 12.Bxc6 Bxc3 13.bxc3 bxc6 14.Qg5+ Kh8
15.Qxf5 e6 16.Qf3 d5 17.Rab1 Rb8 18.Rxb8 Qxb8 19.Qf6+ Kg8 20.Qg5+ Kh8 21.Qe5+
Kg8 22.Rd1 Re8 23.e4 Qd8 24.exd5 cxd5 25.Rd4 f6 26.Qh5 Qd7 27.cxd5 exd5
28.Rxd5 Re1+ 29.Kg2 Qe6 30.Qf3 Qe2 31.Qxe2 Rxe2 32.a4 Re4 33.Rd4 Re7 34.Kf3
Kf7 35.Rc4 Kg6 36.h4 h5 37.Rc5 Kh6 38.Kf4 Kg6 39.f3 Rd7 40.g4 hxg4 41.fxg4 Kh6
42.Kf5 Kg7 43.h5 Re7 44.h6+ Kf7 45.c4 a6 46.a5 c6 47.h7 Kg7 48.h8=Q+ Kxh8
49.Kxf6 Rc7 50.Re5 Rc8 51.Kf7 {#r} 1-0

[Event "TCh-FRA Top 12 2017"]
[Site "Chartres FRA"]
[Date "2017.05.27"]
[Round "10.5"]
[White "Ouakhir,M"]
[Black "Hamdouchi,H"]
[Result "0-1"]
[WhiteElo "2277"]
[BlackElo "2586"]

1.d4 d6 2.c4 Nf6 3.Nc3 e5 4.Nf3 Nbd7 5.Bg5 h6 6.Bh4 exd4 7.Qxd4 g5 8.Bg3 Bg7
9.O-O-O O-O 10.Qd2 Nc5 11.Qc2 Re8 12.e3 a5 13.Nd4 a4 14.a3 h5 15.h4 Nfe4
16.Nxe4 Nxe4 17.Bh2 g4 18.Bd3 Nc5 19.Bh7+ Kh8 20.Bf4 Bd7 21.Kb1 Ra6 22.Bg5 Qc8
23.Ka2 b5 24.cxb5 Rb6 25.Bd3 Nxd3 26.Rxd3 Qb7 27.Qxa4 c5 28.bxc6 Bxc6 29.Qc2
Bxg2 30.Rb1 Be4 31.Qc3 Rb3 32.Qxb3 Bd5 33.Rc1 Rb8 34.Ka1 Bxb3 35.Rxb3 Qa8
36.Rbc3 Qg2 37.R1c2 Rb7 38.Rc8+ Kh7 39.b4 Qe4 40.Ka2 Be5 41.Nb3 Qd5 42.R8c4
Qh1 43.e4 Qe1 44.Bc1 Bf6 45.Na5 Re7 46.Bb2 Bxh4 47.Bc3 Qd1 48.Rb2 d5 49.exd5
Qxd5 50.a4 Ra7 51.Kb3 Qd1+ 52.Rc2 Bxf2 53.Nc6 Rc7 54.b5 g3 55.Bd4 Bxd4 56.Rxd4
Qf3+ 57.Rc3 Qf2 58.Rc2 Qe3+ 59.Rc3 Qe6+ 60.Rdc4 g2 61.Rg3 g1=Q 62.Rxg1 Qe3+
63.Kb4 Qxg1 64.a5 Qe1+ 65.Ka4 Qa1+ 66.Kb4 Qe1+ 67.Ka4 Rb7 68.b6 h4 69.Kb5 Qe2
70.Nd4 Qd3 71.Kc5 h3 {#R} 0-1

[Event "4th Gligoric Cup 2017"]
[Site "Novi Banovci SRB"]
[Date "2017.05.25"]
[Round "1.6"]
[White "Indjic,D"]
[Black "Petrusic,V"]
[Result "1-0"]
[WhiteElo "2291"]
[BlackElo "2150"]

1.d4 Nf6 2.Nf3 d6 3.c4 Nbd7 4.Nc3 e5 5.e4 Be7 6.Be2 O-O 7.O-O c6 8.Qc2 Qe8
9.Re1 Bd8 10.h3 Bb6 11.Be3 Qe7 12.Bf1 Re8 13.d5 Ba5 14.Nd2 Nh5 15.Rab1 c5
16.a3 Bxc3 17.Qxc3 g6 18.b4 f5 19.f3 f4 20.Bf2 b6 21.Bd3 Ng3 22.Nf1 Qh4
23.Nxg3 fxg3 24.Be3 Nf6 25.Qd2 h6 26.Bxh6 Nh7 27.Be3 Rf8 28.bxc5 bxc5 29.Bf1
Rf7 30.Rb2 Bd7 31.Reb1 Raf8 32.Rb7 Bc8 33.Rb8 g5 34.Ra8 Bd7 35.Rxf8+ Rxf8
36.Rb7 Rf7 37.a4 g4 38.fxg4 Qf6 {#r} 1-0

[Event "TCh-FRA Top 12 2017"]
[Site "Chartres FRA"]
[Date "2017.05.27"]
[Round "10.5"]
[White "Barbot,Pi1"]
[Black "Caron,D"]
[Result "1-0"]
[WhiteElo "2456"]
[BlackElo "2024"]

1.d4 Nf6 2.c4 c5 3.d5 d6 4.Nc3 g6 5.e4 Bg7 6.h3 O-O 7.Nf3 Na6 8.Bd3 Nc7 9.Bf4
e5 10.dxe6 Nxe6 11.Bh2 Nh5 12.O-O Nef4 13.Re1 g5 14.e5 g4 15.hxg4 Bxg4 16.exd6
Bxc3 17.bxc3 Qf6 18.Re4 Rae8 19.Qe1 Re6 20.Qe3 Qxc3 21.Rd1 Bxf3 22.Qxf3 Nxd3
23.Rxe6 fxe6 24.Qxd3 Qxd3 25.Rxd3 Nf6 26.d7 Rd8 27.Be5 Rxd7 28.Rg3+ Kf7 29.Rf3
Rd2 30.Rxf6+ Ke7 31.Rh6 {#r} 1-0